NBA Top 250 Assists Leaders - Statistics

General Stats
  • This quiz has been taken 28 times
  • The average score is 148 of 250
Answer Stats
Rank Player AST % Correct
4 LeBron James 11849
100%
53 Michael Jordan 5633
100%
5 Steve Nash 10335
100%
45 Avery Johnson 5846
95%
2 Chris Paul 12552
95%
56 Dennis Johnson 5499
95%
24 Deron Williams 6819
95%
189 Eddie Johnson 3436
95%
89 Gus Williams 4597
95%
3 Jason Kidd 12091
95%
88 Jason Williams 4611
95%
76 Joe Johnson 5001
95%
200 John Johnson 3285
95%
1 John Stockton 15806
95%
72 Kevin Durant 5137
95%
28 Kevin Johnson 6711
95%
50 Larry Bird 5695
95%
149 Lou Williams 3789
95%
8 Magic Johnson 10141
95%
129 Mo Williams 3990
95%
150 Ray Williams 3779
95%
26 Stephen Curry 6729
95%
209 Vinnie Johnson 3212
95%
134 Alvin Robertson 3929
90%
52 Chauncey Billups 5636
90%
67 Draymond Green 5188
90%
235 Ish Smith 3044
90%
10 Isiah Thomas 9061
90%
132 Jarrett Jack 3952
90%
37 Jerry West 6238
90%
48 John Wall 5735
90%
124 Kenny Smith 4073
90%
6 Mark Jackson 10334
90%
9 Oscar Robertson 9887
90%
95 Randy Smith 4487
90%
167 Reggie Jackson 3606
90%
64 Rickey Green 5221
90%
7 Russell Westbrook 10270
90%
38 Scottie Pippen 6135
90%
21 Tony Parker 7036
90%
180 Anfernee Hardaway 3525
86%
22 Bob Cousy 6955
86%
227 Clifford Robinson 3094
86%
41 Damian Lillard 6069
86%
49 Dwyane Wade 5701
86%
236 Elfrid Payton 3034
86%
11 Gary Payton 8966
86%
97 Giannis Antetokounmpo 4456
86%
12 James Harden 8717
86%
36 Kobe Bryant 6306
86%
125 Luka Dončić 4071
86%
55 Mike Bibby 5517
86%
25 Mike Conley 6751
86%
27 Muggsy Bogues 6726
86%
46 Nikola Jokić 5813
86%
15 Rajon Rondo 7584
86%
237 Shaquille O'Neal 3026
86%
20 Tim Hardaway 7095
86%
80 Trae Young 4837
86%
54 Allen Iverson 5624
81%
13 Andre Miller 8524
81%
188 Bradley Beal 3442
81%
39 Clyde Drexler 6125
81%
172 De'Aaron Fox 3557
81%
151 Derrick Rose 3770
81%
164 Dirk Nowitzki 3651
81%
178 Jalen Rose 3527
81%
87 Joe Dumars 4612
81%
123 Jo Jo White 4095
81%
17 Lenny Wilkens 7211
81%
128 Manu Ginóbili 4001
81%
79 Mark Price 4863
81%
171 Pete Maravich 3563
81%
121 Reggie Miller 4141
81%
217 Tyus Jones 3157
81%
86 Wilt Chamberlain 4643
81%
214 Antoine Walker 3170
76%
201 Darrell Walker 3276
76%
74 DeMar DeRozan 5091
76%
30 Derek Harper 6577
76%
226 Foots Walker 3111
76%
215 Fred Brown 3160
76%
29 Jrue Holiday 6617
76%
206 Julius Erving 3224
76%
133 Kemba Walker 3938
76%
61 Kevin Porter 5314
76%
19 Kyle Lowry 7107
76%
101 Kyrie Irving 4364
76%
137 Ron Harper 3916
76%
104 Spud Webb 4342
76%
18 Terry Porter 7160
76%
111 Tim Duncan 4225
76%
82 Vince Carter 4714
76%
75 Walt Frazier 5040
76%
42 Baron Davis 6025
71%
122 Bill Russell 4100
71%
83 Brad Davis 4709
71%
112 Charles Barkley 4215
71%
179 Chris Webber 3526
71%
160 D'Angelo Russell 3690
71%
148 Devin Booker 3792
71%
108 Grant Hill 4252
71%
233 Hakeem Olajuwon 3058
71%
58 Jason Terry 5415
71%
90 Jeff Teague 4585
71%
193 Johnny Davis 3368
71%
51 Kareem Abdul-Jabbar 5660
71%
57 Kevin Garnett 5445
71%
213 Lucius Allen 3174
71%
144 Monta Ellis 3856
71%
84 Paul Pierce 4708
71%
102 Ray Allen 4361
71%
126 Rick Barry 4017
71%
44 Sam Cassell 5939
71%
32 Stephon Marbury 6471
71%
31 Tiny Archibald 6476
71%
140 Walter Davis 3878
71%
190 Carmelo Anthony 3422
67%
147 Derek Fisher 3804
67%
165 Elgin Baylor 3650
67%
245 Greg Anthony 2997
67%
91 Jamal Crawford 4541
67%
131 Jimmy Butler 3957
67%
63 Karl Malone 5248
67%
16 Maurice Cheeks 7392
67%
211 CJ McCollum 3193
62%
60 Damon Stoudamire 5371
62%
192 Darrell Armstrong 3394
62%
94 Jameer Nelson 4508
62%
247 Marc Gasol 2996
62%
135 Pau Gasol 3925
62%
185 Paul George 3469
62%
222 Richard Hamilton 3125
62%
69 Ricky Rubio 5160
62%
14 Rod Strickland 7987
62%
184 Steve Francis 3473
62%
119 Tracy McGrady 4161
62%
116 Danny Ainge 4199
57%
142 Devin Harris 3869
57%
168 Earl Monroe 3594
57%
85 Fat Lever 4696
57%
81 Gail Goodrich 4805
57%
241 Gary Grant 3013
57%
66 Kenny Anderson 5196
57%
203 Michael Finley 3245
57%
138 Michael Ray Richardson 3899
57%
118 Pooh Richardson 4180
57%
139 Scott Skiles 3881
57%
103 Alex English 4351
52%
242 Bob Lanier 3007
52%
219 Brandon Jennings 3151
52%
78 Doc Rivers 4889
52%
92 Hal Greer 4540
52%
62 Jeff Hornacek 5281
52%
40 John Havlicek 6114
52%
33 John Lucas 6454
52%
197 World B. Free 3319
52%
127 Alvan Adams 4012
48%
71 Andre Iguodala 5147
48%
100 Calvin Murphy 4402
48%
186 Chris Mullin 3450
48%
59 Dave Bing 5397
48%
231 Dolph Schayes 3072
48%
183 Jack Sikma 3488
48%
70 José Calderón 5148
48%
114 Michael Adams 4209
48%
43 Mookie Blaylock 5972
48%
47 Nick Van Exel 5777
48%
170 Paul Westphal 3591
48%
98 Terrell Brandon 4407
48%
177 Vlade Divac 3541
48%
234 Blake Griffin 3055
43%
204 Domantas Sabonis 3240
43%
Eric Snow 4245
43%
Jerry Stackhouse 3240
43%
228 John Starks 3085
43%
109 Kirk Hinrich 4245
43%
163 Latrell Sprewell 3664
43%
162 Michael Cooper 3666
43%
35 Norm Nixon 6386
43%
34 Reggie Theus 6453
43%
224 Toni Kukoč 3119
43%
158 Al Horford 3712
38%
174 Lamar Odom 3554
38%
239 Marcus Smart 3022
38%
169 Nicolas Batum 3592
38%
250 Anthony Mason 2963
33%
175 Eric Bledsoe 3545
33%
99 Goran Dragić 4405
33%
212 Khris Middleton 3182
33%
157 Luke Ridnour 3713
33%
191 Mitch Richmond 3398
33%
244 Nikola Vučević 3000
33%
65 Norm Van Lier 5217
33%
229 Phil Ford 3083
33%
113 Richie Guerin 4211
33%
Slater Martin 3160
33%
198 Ty Lawson 3316
33%
182 Archie Clark 3498
29%
96 Brevin Knight 4481
29%
207 Charles Oakley 3217
29%
145 Detlef Schrempf 3833
29%
223 Fred VanVleet 3121
29%
77 Nate McMillan 4893
29%
249 Rolando Blackman 2981
29%
68 Sleepy Floyd 5175
29%
146 Wes Unseld 3822
29%
161 Boris Diaw 3684
24%
Darren Collison 3545
24%
120 David Wesley 4159
24%
106 Dennis Schröder 4329
24%
232 Dick Van Arsdale 3060
24%
152 D.J. Augustin 3761
24%
23 Guy Rodgers 6917
24%
202 J.J. Barea 3270
24%
143 Johnny Moore 3866
24%
240 Julius Randle 3015
24%
210 Rafer Alston 3202
24%
73 Raymond Felton 5096
24%
93 Sherman Douglas 4536
24%
218 Spencer Dinwiddie 3153
24%
155 T.J. McConnell 3736
24%
199 Bimbo Coles 3313
19%
115 Dick McGuire 4205
19%
248 Doug Christie 2992
19%
220 Gerald Henderson 3141
19%
196 Jamaal Tinsley 3330
19%
Johnny Dawkins 2997
19%
221 Tom Henderson 3136
19%
153 Andy Phillip 3759
14%
141 Earl Watson 3871
14%
238 Jeff Mullins 3023
14%
130 John Bagley 3980
14%
243 Lionel Hollins 3006
14%
Ricky Sobers 3525
14%
117 Rory Sparrow 4192
14%
154 Sam Lacey 3754
14%
136 Brian Shaw 3918
10%
230 Darnell Valentine 3080
10%
105 Jay Humphries 4339
10%
159 Larry Drew 3702
10%
225 Quinn Buckner 3114
10%
166 Sedale Threatt 3613
10%
187 Steve Blake 3446
10%
107 Vern Fleming 4293
10%
173 Walt Hazzard 3555
10%
195 Allen Leavell 3339
5%
208 Larry Costello 3215
5%
194 Mike Newlin 3364
5%
156 Paul Pressey 3715
5%
No matching quizzes found
Score Distribution
Percent of People with Each Score
Percentile by Number Answered
Your Score History
You have not taken this quiz